Čechy hudební ve fotografiích Otto Dlaboly /
| Hlavní autor: | Dlabola, Otto, 1944- |
|---|---|
| Další autoři: | Matzner, Antonín, 1944-2017 |
| Jazyk: | Němčina Čeština Angličtina |
| Vydáno: |
V Praze : XYZ, 2009 |
| Témata: | |
| Externí odkaz: |
Digitalizovaný dokument
|
| Fyzický popis: |
324 s. : il. ; 29 cm |
| Language note: |
Část. anglický a německý text |
| LEADER | 01508nam a2200433 a 4500 | ||
|---|---|---|---|
| 001 | nkc20092025411 | ||
| 003 | CZ PrNK | ||
| 005 | 20170303235014.0 | ||
| 007 | ta | ||
| 008 | 091210s2009 xr a e 001 0 cze | ||
| 015 | |a cnb002025411 | ||
| 020 | |a 978-80-7388-167-2 |q (váz.) | ||
| 035 | |a (OCoLC)505915336 | ||
| 040 | |a OLA001 |b cze |d BOA001 | ||
| 041 | 0 | |a cze |a eng |a ger | |
| 043 | |a e-xr--- | ||
| 072 | 7 | |a 78 |x Hudba |2 Konspekt |9 9 | |
| 080 | |a 911.3:78 |2 MRF | ||
| 080 | |a (437.3) |2 MRF | ||
| 080 | |a (084.12) |2 MRF | ||
| 100 | 1 | |a Dlabola, Otto, |d 1944- |7 jn20000400467 |4 pht | |
| 245 | 1 | 0 | |a Čechy hudební ve fotografiích Otto Dlaboly / |c text Antonín Matzner |
| 246 | 3 | 0 | |a Čechy hudební |
| 246 | 3 | 0 | |a Čechy hudební ve fotografiích |
| 260 | |a V Praze : |b XYZ, |c 2009 | ||
| 300 | |a 324 s. : |b il. ; |c 29 cm | ||
| 500 | |a Obsahuje rejstřík | ||
| 546 | |a Část. anglický a německý text | ||
| 650 | 0 | 7 | |a hudební místopis |7 ph196682 |z Česko |2 czenas |
| 650 | 0 | 9 | |a musical landmarks |z Czechia |2 eczenas |
| 655 | 7 | |a fotografické publikace |7 fd132276 |2 czenas | |
| 655 | 9 | |a photographical works |2 eczenas | |
| 700 | 1 | |a Matzner, Antonín, |d 1944-2017 |7 jk01080897 |4 aut | |
| 856 | 4 | 1 | |u http://www.digitalniknihovna.cz/mzk/uuid/uuid:2ecc78b0-e6da-11e6-8a71-005056827e52 |y Digitalizovaný dokument |x NDK |
| 910 | 2 | |a BOA001 |b 3-1233.636 | |
| 990 | |a BK | ||
| 995 | |a 01 | ||
| 991 | |b 201001 |c NOV | ||
| 996 | 6 | |b 2610378145 |c 3-1233.636 |l MZK |r Sklad / do 1 hodiny |n 2 |p p.v. |w 001103259 |u 000010 |a 1 |e BOA001 |j MZK50 |s P | |
English
Čeština 